00492nam a2200193Ia 4500003000900000008004100009040001300050040001300063041000800076100002400084245006400108250001000172260002100182260000900203300000800212490001100220490000600231600006100237IT-RoPAU120407s9999 xx 000 0 und d aIT-RoPAU cIT-RoPAU aita aMattias J. Scheeben aI misteri del cristianesimo. Essenza, significato e sintesi aRoma  aEdizioni Paoline c1962 c cm aCat.II v1 a"Ed. Morcelliana 230.2 41"